Filosofía elemental

محفوظ في:
التفاصيل البيبلوغرافية
المؤلف الرئيسي: Balmes Urpiá, Jaime Luciano (مؤلف)
التنسيق: كتاب
اللغة:الإسبانية
منشور في: Ciudad de México Porrúa 1973
الطبعة:1a. ed
سلاسل:Sepan Cuántos, 241
الموضوعات:
الوسوم: إضافة وسم
لا توجد وسوم, كن أول من يضع وسما على هذه التسجيلة!

MARC

LEADER 00000cam a2200000 a 4500
001 UCZ2607
003 CL-VaPUC
008 951005e19730000MX |||||||||||||||||spa|d
020 |a 9684326076 
082 0 4 |a 100  |b BAL  |2 21 
100 0 |a Balmes Urpiá, Jaime Luciano  |e author  |9 346386 
245 1 0 |a Filosofía elemental 
246 1 0 |a Filosofía elemental: lógica, ética, metafísica, historia de la filosofía 
250 |a 1a. ed 
300 |a 386 p 
942 |c BK 
945 |d 19951005 00:00:00  |a cmena 
260 |a Ciudad de México  |b Porrúa  |c 1973 
650 0 |a Filosofía   |9 223554 
650 0 |a Lógica  |9 256849 
650 0 |a Ética  |9 255099 
650 0 |a Metafísica  |9 265649 
650 0 |a Historia de la filosofía  |9 256920 
583 |a last modification  |c 20190725 04:16:27  |k Rodrigo Vera 
490 0 |a Sepan Cuántos, 241 
999 |c 239175  |d 239173 
952 |0 0  |1 0  |4 0  |6 100_000000000000000_BAL_1973  |7 0  |8 P  |9 250063  |a BIBEDU  |b BIBEDU  |c BIBEDU_PB  |d 2019-11-18  |i 156868K  |o 100 BAL 1973  |p 156868K  |r 2024-01-25  |w 2019-11-18  |y BK  |k FIL